| 000 | 00883nam a22002537a 4500 | ||
|---|---|---|---|
| 005 | 20170123162329.0 | ||
| 010 | _a385293 | ||
| 020 | _c5.00 | ||
| 035 | _a385293 | ||
| 037 | _bCen Lib/Ret | ||
| 040 |
_aDPL _bUR |
||
| 082 |
_a841 _bر گ ه |
||
| 100 |
_aرگھوپتی سہاۓ فراق گورکھپوری _9120416 |
||
| 245 |
_aشبنمستاں / _cرگھوپتی سہاۓ فراق گورکھپوری |
||
| 246 |
_aShabnamistan / _bby Raghupati sahaye Firaq Gorakhpuri |
||
| 260 |
_aالہآباد _bساہتیہ کالا بھون _c1960 |
||
| 270 |
_bالہآباد _a١٨.اے. مہاتما گاندھی مارگ |
||
| 300 |
_a201p. _c21cm(Hb) |
||
| 650 |
_a ادب - اردو _9120417 |
||
| 650 |
_a اردو شاعری _9120418 |
||
| 650 |
_aLiterature -- Urdu _9120419 |
||
| 650 |
_aUrdu poetry _9120420 |
||
| 942 |
_2ddc _cUR _h841 _mر گ ه |
||
| 999 |
_c107622 _d107622 |
||